000 00687nam a2200241Ia 4500
003 OSt
005 20220924114541.0
006 a|||||r|||| 00| 0
007 ta
008 220923b |||||||| |||| 00| 0 ara d
024 _a345030
037 _cTextual
040 _aARTS
_cARTS
_bara
041 _2ara
_aara
082 _aV461,1wM80, 28G5
100 _aNasr Umar Abu Au.
_9174199
245 0 _aSayyed al jazirah al-arabia
_b Ibne Saaud
260 _aBeirut
_bMaktaba-al-ahliyyah Lebanon
_c1935
300 _a216p.
_ccm.
650 _aARAB - HISTORY
_929528
942 _hV461,1wM80, 28G5
_cTEXL
_2CC
999 _c394148
_d394148